[Event "Bad Zwesten op 3rd"]
[Site "Bad Zwesten"]
[Date "1999.01.04"]
[Round "4"]
[White "Shchekachev, Andrei"]
[Black "Koeller, Oliver"]
[Result "1-0"]
[WhiteElo "2512"]
[BlackElo "2289"]
[PlyCount "75"]
[EventDate "1999.01.??"]
[EventType "swiss"]
[EventRounds "9"]
[EventCountry "GER"]
[SourceTitle "CBM 068 Extra"]
[Source "ChessBase"]
[SourceDate "1999.03.01"]
[SourceVersion "1"]
[SourceVersionDate "1999.03.01"]
[SourceQuality "1"]

1. e4 d5 2. exd5 Qxd5 3. Nc3 Qa5 4. Nf3 Nf6 5. d4 c6 6. Bc4 Bf5 7. Bd2 e6 8. Ne4 Qc7 9. Nxf6+ gxf6 10. Nh4 Bg6 11. Bb3 Nd7 12. Qe2 0-0-0 13. 0-0-0 Nb6 14. c3 Bd6 15. g3 c5 16. Nxg6 hxg6 17. dxc5 Bxc5 18. h4 Qc6 19. g4 Qg2 20. h5 gxh5 21. gxh5 f5 22. Bf4 Qe4 23. Rxd8+ Kxd8 24. Rd1+ Ke7 25. Qd2 Qc6 26. h6 Nd7 27. f3 b5 28. Qg2 Rh7 29. Qg8 Nf8 30. Rd3 f6 31. Kb1 e5 32. Bg3 a5 33. Qg7+ Ke8 34. Bf7+ Ke7 35. Bd5+ Rxg7 36. hxg7 Qxd5 37. gxf8Q+ Kxf8 38. Rxd5 1-0